Normal view
MARC view
- American Society of Civil Engineers.
Entry Corporate Name
Number of records used in: 100
001 - CONTROL NUMBER
- control field: 702
003 - CONTROL NUMBER IDENTIFIER
- control field: NUST
005 - DATE AND TIME OF LATEST TRANSACTION
- control field: 20170515115324.0
008 - FIXED-LENGTH DATA ELEMENTS
- fixed length control field: 170515|| aca||aabn | a|a d
040 ## - CATALOGING SOURCE
- Original cataloging agency: NUST
- Transcribing agency: NUST
110 ## - HEADING--CORPORATE NAME
- Corporate name or jurisdiction name as entry element: American Society of Civil Engineers.
670 ## - SOURCE DATA FOUND
- Source citation: Work cat.: (NUST)0: Seismic evaluation of existing buildings /, c2003.
